000 01318cam a2200277Ki 4500
001 countrydecoratin00rank
003 CaSfIA
005 20210117235957.0
007 cr||||
008 030802s1992 ncua 001 0 eng d
040 _aMY5
_cMY5
_dOCLCQ
_dCaSfIA
020 _a0806983809
020 _a9780806983806
035 _a(OCoLC)52774572
100 1 _aRankin, Chris.
245 1 0 _aCountry decorating with fabric :
_h[electronic resource]
_bmore than 80 projects to add country style, charm, and color to every room in your home /
_cChris Rankin.
260 _aAshville, NC :
_bAltamont Press,
_cc1992.
300 _a160 p. :
_bill.
500 _aIncludes index.
650 8 _aDecorating
_xFurnishings
_xTextile fabrics in interior decoration.
856 4 1 _uhttp://www.archive.org/details/countrydecoratin00rank
_zFree eBook from the Internet Archive
856 4 2 _uhttp://www.openlibrary.org/books/OL1702883M
_zAdditional information and access via Open Library
942 _cEB
506 _fНеобхідна авторизація на https://archive.org/ (створення облікового запису безкоштовно)
506 _fНеобхідна авторизація на https://openlibrary.org/ (створення облікового запису безкоштовно)
999 _c484662
_d484662